HOW TO TEACH ENGLISH (Record no. 216430)

MARC details
000 -LEADER
fixed length control field 00474nam a22001577a 4500
008 - FIXED-LENGTH DATA ELEMENTS--GENERAL INFORMATION
fixed length control field 260108b |||||||| |||| 00| 0 eng d
020 ## - INTERNATIONAL STANDARD BOOK NUMBER
International Standard Book Number 978-178135312-7
100 ## - MAIN ENTRY--PERSONAL NAME
Personal name CURTIS CHRIS
245 ## - TITLE STATEMENT
Title HOW TO TEACH ENGLISH
Remainder of title NOVELS, NON-FICTION AND THEIR ARTFUL NAVIGATION
260 ## - PUBLICATION, DISTRIBUTION, ETC.
Place of publication, distribution, etc. WALES
Name of publisher, distributor, etc. INDEPENDENT THINKING PRESS
Date of publication, distribution, etc. 2019
300 ## - PHYSICAL DESCRIPTION
Extent V, 246P.
500 ## - GENERAL NOTE
General note INCLUDES INDEX
650 ## - SUBJECT ADDED ENTRY
Topical term or geographic name entry element ENGLISH LANGUAGE STUDY AND TEACHING
942 ## - ADDED ENTRY ELEMENTS (KOHA)
Source of classification or shelving scheme Library of Congress Classification
Koha item type Long Loan Book
Holdings
Withdrawn status Lost status Source of classification or shelving scheme Damaged status Not for loan Collection Home library Current library Shelving location Date acquired Inventory number Total checkouts Full call number Barcode Date last seen Copy number Price effective from Koha item type
    Library of Congress Classification     Arts & Social Sciences Kisii University Library Kisii University Library On Display 01/08/2026 110827   PE 1065 .C87 2019 000000023988 01/08/2026 C.1 01/08/2026 Long Loan Book
    Library of Congress Classification     Arts & Social Sciences Kisii University Library Kisii University Library On Display 01/08/2026 110828   PE 1065 .C87 2019 000000019266 01/08/2026 C.2 01/08/2026 Long Loan Book
    Library of Congress Classification     Arts & Social Sciences Kisii University Library Kisii University Library On Display 01/08/2026 110829   PE 1065 .C87 2019 000000019267 01/08/2026 C.3 01/08/2026 Long Loan Book
    Library of Congress Classification     Arts & Social Sciences Kisii University Library Kisii University Library On Display 01/08/2026 110830   PE 1065 .C87 2019 000000019265 01/08/2026 C.4 01/08/2026 Long Loan Book
    Library of Congress Classification     Arts & Social Sciences Kisii University Library Kisii University Library On Display 01/08/2026 110831   PE 1065 .C87 2019 000000019268 01/08/2026 C.5 01/08/2026 Long Loan Book